LEADER 00921nam--2200325---450- 001 990003596160203316 005 20111124111341.0 035 $a000359616 035 $aUSA01000359616 035 $a(ALEPH)000359616USA01 035 $a000359616 100 $a20111124d1912----km-y0itay50------ba 101 0 $aita 102 $aIT 105 $ay|||||||001yy 200 1 $aArte e artifizio nel dramma greco$fFrancesco Guglielmino 210 $aCatania$cBattiato$d1912 215 $aX, 299 p.$d19 cm 606 0 $aTeatro greco$2BNCF 676 $a792.0938 700 1$aGUGLIELMINO,$bFrancesco$0190613 801 0$aIT$bsalbc$gISBD 912 $a990003596160203316 951 $aXV.2.A. 881$b1614 F.C.$cXV.2.A. 959 $aBK 969 $aCUOMO 979 $aDIONIGI$b90$c20111124$lUSA01$h1038 979 $aDIONIGI$b90$c20111124$lUSA01$h1113 996 $aArte e artifizio nel dramma greco$9560482 997 $aUNISA